000 01013nam a22002417a 4500
005 20240530110413.0
008 150222s2010 ua fob f 000 0 ara d
017 _a2624/2000
_bمصر . دار الكتب المصرية
020 _a9771412124
040 _aEG-CaGPL
041 0 _aara
082 0 4 _221
_a610.074
_bق/م ت
100 0 _aمحمود فوزى المناوى
245 1 0 _aتاريخ النهضة الطبية المصرية :
_bمتحف قصر العينى /
_cتاليف محمود فوزى المناوى ، حسنى محمد نويصر ؛ اشراف داليا محمد ابراهيم
246 1 3 _aThe Renaissance of Egyptian Medical history :
_bKasr El Aini Museum /
250 _aط2
260 _aالقاهرة :
_bنهضة مصر للطباعة والنشر والتوزيع ،
_c2010
300 _a55 + 200 ص :
_bايض ؛
_c24 سم
650 0 4 _aالطب
_xتاريخ
_zمصر
650 0 4 _aمتحف قصر العينى
700 0 _aحسن محمد نويصر
942 _2ddc
_cBK
999 _c60492
_d60492